00499nam a2200193 a 4500001001300000003000900013005001700022008004100039020001100080082001900091100002300110245002100133260003300154300000900187500003500196505003100231650002000262700002300282nice12345678IN_TiNIC20260116011308.0050524s1923 dela grp 000 0 urd  ac0.7500a891.4393bAZA4 aAzad, Mohd Hussain aNairang-E-Khiyal aDelhibAzad Book Depotc1923 a136p aincludes index and biblioraphy2 a4 Volume Bound in One Book aUrdu-Literature1 aAzad, Mohd Hussain